000 00269nam a2200109Ia 4500
008 220204s9999 xx 000 0 und d
082 _a929 A/Z (GIB)
_bDEB
100 _aGavin
245 0 _aGibbon and his world
260 _aLondon
_bThames and Hudson
_c1968
942 _cBK
999 _c34497
_d34497